Glass Animals Quiz Stats

Quiz Updated Oct 9, 2015

Challenge
Share
Tweet
Score 0/23 Timer 05:00
1 Play Today
% Correct
Dog
99.9%
Frog
99.5%
Elephants
99.1%
Duck
98.9%
Dromedary
98.5%
Dolphin
98.4%
Snail
98.2%
Hippopotamus
97.8%
Horses
97.7%
Cow
97.5%
Killer Whale
97.3%
Seal
97.1%
% Correct
Rooster
96.8%
Hammerhead Shark
96.4%
Swan
96.4%
Cat (with Goldfish)
96.2%
Donkey
95.3%
Sea Turtle
94.8%
Pig
94.4%
Iguana
93.3%
Scorpion
93.3%
Hermit Crab
91.5%
Pelican
90.8%

You're not logged in!

Compare scores with friends on all Sporcle quizzes.
Sign Up with Email
OR
Log In

You Might Also Like...

Show Comments

Extras

Top Quizzes Today


Score Distribution

Your Account Isn't Verified!

In order to create a playlist on Sporcle, you need to verify the email address you used during registration. Go to your Sporcle Settings to finish the process.